| 000 | 00726nam a22002297a 4500 | ||
|---|---|---|---|
| 003 | OSt | ||
| 005 | 20140310184259.0 | ||
| 008 | 131002t xxu||||| |||| 00| 0 eng d | ||
| 020 | _a0395546826 | ||
| 050 |
_aPZ7 _b.H83273Au 1991 |
||
| 100 |
_aHoward, Elizabeth Fitzgerald. _922971 |
||
| 245 |
_aAunt Flossie's hats (and crab cakes later) / _cElizabeth Fitzgerald Howard; paintings by James Ransome |
||
| 260 |
_aBoston, MA : _bHoughton Mifflin Company, _cc1991. |
||
| 300 |
_a31 p. : _bill.; col. ; _c30 cm. |
||
| 521 | _aG2 | ||
| 526 | _c400 | ||
| 650 |
_aHats _xFiction. _922972 |
||
| 650 |
_aGreat-aunts _xFiction. _922973 |
||
| 650 |
_aBaltimore (Md.) _xFiction. _922974 |
||
| 942 |
_2lcc _cBK-SCHOLAS |
||
| 999 |
_c33436 _d33436 |
||